| 000 -LEADER |
| fixed length control field |
02225cam a22003378i 4500 |
| 001 - CONTROL NUMBER |
| control field |
22736924 |
| 005 - DATE AND TIME OF LATEST TRANSACTION |
| control field |
20250319094331.0 |
| 008 - FIXED-LENGTH DATA ELEMENTS--GENERAL INFORMATION |
| fixed length control field |
220804s2023 enk b 001 0 eng |
| 010 ## - LIBRARY OF CONGRESS CONTROL NUMBER |
| LC control number |
2022031566 |
| 020 ## - INTERNATIONAL STANDARD BOOK NUMBER |
| International Standard Book Number |
9781009016414 |
| 040 ## - CATALOGING SOURCE |
| Original cataloging agency |
DLC |
| Language of cataloging |
eng |
| Description conventions |
rda |
| Transcribing agency |
DLC |
| Modifying agency |
DLC |
| 042 ## - AUTHENTICATION CODE |
| Authentication code |
pcc |
| 050 00 - LIBRARY OF CONGRESS CALL NUMBER |
| Classification number |
KZA1145 |
| Item number |
.T36 2023 |
| 082 00 - DEWEY DECIMAL CLASSIFICATION NUMBER |
| Classification number |
341.45 |
| Author Mark |
TAN |
| 100 1# - MAIN ENTRY--PERSONAL NAME |
| Personal name |
Tanaka, Yoshifumi, |
| Relator term |
author. |
| 9 (RLIN) |
128467 |
| 245 14 - TITLE STATEMENT |
| Title |
The international law of the sea / |
| Statement of responsibility, etc. |
Yoshifumi Tanaka, University of Copenhagen. |
| 250 ## - EDITION STATEMENT |
| Edition statement |
Fourth edition. |
| 263 ## - PROJECTED PUBLICATION DATE |
| Projected publication date |
2312 |
| 264 #1 - PRODUCTION, PUBLICATION, DISTRIBUTION, MANUFACTURE, AND COPYRIGHT NOTICE |
| Place of production, publication, distribution, manufacture |
Cambridge, United Kingdom ; |
| -- |
New York, NY : |
| Name of producer, publisher, distributor, manufacturer |
Cambridge University Press, |
| Date of production, publication, distribution, manufacture, or copyright notice |
[2023] |
| 300 ## - PHYSICAL DESCRIPTION |
| Extent |
pages cm |
| 336 ## - CONTENT TYPE |
| Content type term |
text |
| Content type code |
txt |
| Source |
rdacontent |
| 337 ## - MEDIA TYPE |
| Media type term |
unmediated |
| Media type code |
n |
| Source |
rdamedia |
| 338 ## - CARRIER TYPE |
| Carrier type term |
volume |
| Carrier type code |
nc |
| Source |
rdacarrier |
| 504 ## - BIBLIOGRAPHY, ETC. NOTE |
| Bibliography, etc. note |
Includes bibliographical references and index. |
| 505 0# - FORMATTED CONTENTS NOTE |
| Formatted contents note |
The law of the sea in perspective -- Maritime limits : baselines and maritime features -- Marine spaces under national jurisdiction I : territorial sovereignty -- Marine spaces under national jurisdiction II : sovereign rights -- Marine spaces beyond national jurisdiction -- Maritime delimitation -- Conservation of marine living resources -- Protection of the marine environment -- Conservation of marine biological diversity -- Marine scientific research -- Maintenance of international peace and security at sea -- Land-locked and geographically disadvantaged States -- Peaceful settlement of international disputes -- Looking ahead : Law of the sea as a legal shield. |
| 520 ## - SUMMARY, ETC. |
| Summary, etc. |
"This book provides comprehensive and up-to-date coverage of essential issues of the international law of the sea in a systematic manner. It covers contemporary issues, such as protection of the marine biological diversity, marine plastic pollution, the Arctic, and impacts of climate change on the oceans. The book presents two paradigms of the law of the sea: the law of divided oceans and the law of our common ocean"-- |
| Assigning source |
Provided by publisher. |
| 650 #0 - SUBJECT ADDED ENTRY--TOPICAL TERM |
| Topical term or geographic name entry element |
Law of the sea. |
| 9 (RLIN) |
128468 |
| 906 ## - LOCAL DATA ELEMENT F, LDF (RLIN) |
| a |
7 |
| b |
rip |
| c |
orignew |
| d |
1 |
| e |
ecip |
| f |
20 |
| g |
y-gencatlg |
| 942 ## - ADDED ENTRY ELEMENTS (KOHA) |
| Source of classification or shelving scheme |
|
| Koha item type |
Book |